000 00519nam a22002051c 4500
001 a987679058
008 170203s1987 gw |||| 000u rus d
041 _arus
100 1 _aBerežkov, Valentin M.
245 0 0 _aStranicy diplomatičeskoj istorii
264 _aMoskva :
_bMe┌dunarodnye otnošenija,
_c1987
300 _a501 S
650 0 _aDiplomatie
650 0 _aErlebnisbericht
650 0 _aWeltkrieg <1939-1945>
651 0 _aSowjetunion
942 _cMG
040 _cRU-10907106
003 RU-10907106
999 _c40965
_d40965